|
|
|
|
| LEADER |
00000nab a2200000 a 4500 |
| 001 |
vtls009962844 |
| 003 |
SK-MaSNL |
| 005 |
20260426101632.0 |
| 008 |
250507|2009 xo |||||||||||||| b|slo |
| 015 |
|
|
|a SNBRA2009/10
|2 snkbucl
|
| 035 |
|
|
|a urn:nbn:sk:snk-ab7xio
|
| 035 |
|
|
|a (urnnbn)urn:nbn:sk:snk:ar-004st5
|
| 035 |
|
|
|a (uuid)0b566723-56b1-4249-b375-12e8718e1fea
|
| 038 |
|
|
|a SNKBUCL
|
| 040 |
|
|
|a SNKBUCL
|b slo
|c SNKBUCL
|e AACR2
|
| 041 |
0 |
|
|a slo
|
| 044 |
|
|
|a xo
|c SK
|
| 080 |
|
|
|a 94(4)
|2 2001
|
| 080 |
|
|
|a 316.647.8
|x (4)
|x (091)
|2 2001
|
| 080 |
|
|
|a 930.1:316.647.8
|x (4)
|2 2001
|
| 100 |
1 |
|
|a Šoltés, Peter,
|d 1975-
|4 aut
|9 373670
|
| 245 |
1 |
0 |
|a Hahn, Hans Henning - Mannová, Elena (eds.): Nationale Wahrnehmungen und ihre Stereotypisierung
|c Peter Šoltés
|
| 650 |
0 |
7 |
|a stereotypy
|2 snkbucl
|9 4368
|
| 650 |
0 |
7 |
|a historický výskum
|2 snkbucl
|9 28940
|
| 650 |
0 |
7 |
|a zborníky
|2 snkbucl
|9 108488
|
| 651 |
|
7 |
|a Európa stredná
|2 snkbucl
|9 23970
|
| 651 |
|
7 |
|a Európa východná
|2 snkbucl
|9 167635
|
| 655 |
|
7 |
|a recenzie
|2 snkbucl
|9 21907
|
| 773 |
0 |
|
|t Historický časopis
|g Roč. 57, č. 2 (2009), s. 357-360
|x 0018-2572
|
| 787 |
0 |
8 |
|i Rec.:
|t Nationale Wahrnehmungen und ihre Stereotypisierung
|d Frankfurt am Main : Peter Lang, 2007
|
| 850 |
|
|
|a Slovenská národná knižnica
|
| 852 |
|
|
|a Slovenská národná knižnica
|
| 954 |
|
|
|a odborná, vedecká literatúra pôvodná (slovenská)
|2 lita
|
| 958 |
|
|
|a article9
|
| 958 |
|
|
|a OND
|
| 958 |
|
|
|a RC
|
| 958 |
|
|
|a EUIPO
|
| 999 |
|
|
|c 3235154
|d 3237084
|